000 00689nam a2200265Ia 4500
005 20250425161758.0
008 250425s9999 xx 000 0 und d
020 _a9684511280
041 _aspa
082 _a621.4021
100 _aABBOTT, MICHAEL M.
245 0 _aTEORIA Y PROBLEMAS TERMODINAMICA
250 _a1A ED.
260 _aMEXICO
260 _aMéxico
_bMCGRAW-HILL
_c1975
300 _a355
500 _aTítulo Traducido: THERMODYNAMICS THEORY AND PROBLEMS
650 _aENTROPIA
650 _aPROPIEDADES TERMODINAMICAS
650 _aTERMODINAMICA
650 _aTERMOQUIMICA
700 _aJOSE VICENTE CASAS
_etraductor
942 _c01
010 _a28658
999 _c215939
_d215939